Städte der baltischen Staaten - Statistiken

Allgemein
  • Dieses Quiz wurde 140 mal gespielt
  • Das Durchschnittsergebnis liegt bei 8 aus 20
Antwortstatistiken
Rang Einwohner Stadt Land % Korrekt
1 627.487 Riga Lettland
99%
2 559.250 Vilnius Litauen
97%
3 437.619 Tallinn Estland
93%
4 293.257 Kaunas Litauen
73%
5 149.046 Klaipėda Litauen
55%
7 92.972 Tartu Estland
50%
9 82.046 Daugavpils Lettland
46%
12 54.409 Narva Estland
33%
10 68.535 Liepāja Lettland
31%
15 39.605 Pärnu Estland
27%
6 101.862 Šiauliai Litauen
24%
17 33.906 Ventspils Lettland
21%
8 84.587 Panevėžys Litauen
19%
11 56.062 Jelgava Lettland
18%
13 49.687 Jūrmala Lettland
18%
16 34.749 Marijampolė Litauen
15%
14 49.195 Alytus Litauen
13%
20 27.613 Rēzekne Lettland
11%
18 33.197 Kohtla-Järve Estland
7%
19 32.201 Mažeikiai Litauen
4%
Keine übereinstimmenden Quizze gefunden
Verteilung der Resultate
Anzahl Personen mit jedem Resultat
Perzentil nach korrekt beantworteten Fragen
Ihre Resultats-Entwicklung
Sie haben dieses Quiz noch nicht gespielt